Cities in Czechia - Sudden Death - Statistics

General Stats
  • This quiz has been taken 183 times
  • The average score is 14 of 20
Answers on the Grid
Answers color-coded by a green-red scale on the quiz's grid according to % correct below.
Banská Bystrica
Bjelovar
Brno
Bystrzyca Kłodzka
České Budějovice
Frýdek-Místek
Gomel
Graz
Győr
Havířov
Hradec Králové
Jihlava
Karlovy Vary
Karviná
Kladno
Košice
Kryvyi Rih
Liberec
Lutsk
Most
Mykolaiv
Olomouc
Opava
Ostrava
Pardubice
Plzeň
Poprad
Prague
Szombathely
Teplice
Trenčín
Trnava
Ústí nad Labem
Wodzisław Śląski
Zlín
Żory
 
Answer Stats
Answer % Correct
Brno
88%
České Budějovice
85%
Hradec Králové
81%
Prague
81%
Karlovy Vary
79%
Liberec
75%
Ostrava
75%
Plzeň
75%
Olomouc
73%
Havířov
70%
Frýdek-Místek
69%
Pardubice
69%
Kladno
68%
Jihlava
67%
Karviná
67%
Opava
67%
Ústí nad Labem
66%
Teplice
64%
Zlín
60%
Most
58%
No matching quizzes found
Score Distribution
Percent of People with Each Score
Percentile by Number Answered
Your Score History
You have not taken this quiz